| 000 | 00585nai a2200181Ia 4500 | ||
|---|---|---|---|
| 003 | IN-BaIIA | ||
| 008 | 211028c9999 xx s 000 0 eng d | ||
| 022 | _a0022-3263 (Print) | ||
| 022 | _a1520-6904 (Online) | ||
| 040 | _cIIA Library | ||
| 245 | 4 |
_aThe Journal of Organic Chemistry _h[eJournal] |
|
| 260 |
_aWashington DC _bACS Publications |
||
| 310 | _aSemi-monthly | ||
| 362 | _a61(1); 1996 - Present | ||
| 521 | _bSubscribed through National Knowledge Resource Consortium (NKRC) | ||
| 856 |
_uhttps://pubs.acs.org/journal/joceah _yClick Here to Access eJournal |
||
| 942 | _cEJ | ||
| 999 |
_c35786 _d35786 |
||